| 000 | 00811nam a2200253 a 4500 | ||
|---|---|---|---|
| 001 | BRL_112 | ||
| 005 | 20190320210608.0 | ||
| 008 | 810311s1948 nyu#######---#000-0#eng-# | ||
| 040 |
_aDLC _cCarP _dDLC |
||
| 041 | _aeng | ||
| 044 | _au | ||
| 050 | 4 |
_aN1 _b.A78 1948 |
|
| 245 | 1 | 0 |
_aArt of the Americas _bfrom before Columbus to the present day _cforeword by Frank Crowninshield. |
| 260 |
_aNueva York _bArt Foundation _cc1948 |
||
| 300 |
_a132 p. _bil. (algunas a color) _c34 cm. _e1 folleto |
||
| 440 | 0 |
_aArt news _v18 _922943 |
|
| 500 | _aA pictorial survey by the editors of Art News | ||
| 500 | _aIncluye al final ´The bridge, by Hart Crane, 1930´ | ||
| 500 | _aAu108 | ||
| 650 | 1 | 4 |
_aArte _xHistoria _zAmérica _922944 |
| 700 | 1 |
_aCrowninshield, Frank _eprol. _922945 |
|
| 902 | _aGRL | ||
| 942 |
_2lcc _cB |
||
| 999 |
_c8925 _d8925 |
||